Развитие туризма и гостеприимства в Томской области; Энергия молодых - экономике России; Ч. 1

Detaylı Bibliyografya
Parent link:Энергия молодых - экономике России=Energy of Youth for Russian Economy: сборник научных трудов XIII Международной научно-практической конференции студентов и молодых ученых, г. Томск, 16-19 апреля 2012 г./ Национальный исследовательский Томский политехнический университет (ТПУ) ; Вольное экономическое общество России ; Международный союз экономистов (МСЭ) ; ред. коллегия В. В. Еремин ; Ю. С. Нехорошев ; Г. А. Барышева ; И. Е. Никулина ; Т. Б. Варлачева ; И. В. Кащук ; Е. Ю. Маталасова.— , 2012
Ч. 1.— 2012.— [С. 334-335]
Yazar: Плешакова Р. В.
Diğer Yazarlar: Задорожная Ю. Ф. Юлия Федоровна (научный руководитель)
Özet:Заглавие с титульного экрана
Dil:Rusça
Baskı/Yayın Bilgisi: 2012
Seri Bilgileri:Роль маркетинговой концепции управления в современной экономике
Konular:
Online Erişim:http://www.lib.tpu.ru/fulltext/c/2012/C23/V1/151.pdf
Materyal Türü: Elektronik Kitap Bölümü
KOHA link:https://koha.lib.tpu.ru/cgi-bin/koha/opac-detail.pl?biblionumber=238978

MARC

LEADER 00000naa2a2200000 4500
001 238978
005 20251205161524.0
035 |a (RuTPU)RU\TPU\book\260189 
035 |a RU\TPU\book\260184 
090 |a 238978 
100 |a 20130603d2012 k y0rusy50 ca 
101 0 |a rus 
102 |a RU 
135 |a drcn ---uucaa 
181 0 |a i  
182 0 |a b 
200 1 |a Развитие туризма и гостеприимства в Томской области  |f Р. В. Плешакова  |g науч. рук. Ю. Ф. Задорожная 
203 |a Текст  |c электронный 
225 1 |a Роль маркетинговой концепции управления в современной экономике 
300 |a Заглавие с титульного экрана 
320 |a [Библиогр.: с. 335 (4 назв.)] 
337 |a Adobe Reader 
461 1 |0 (RuTPU)RU\TPU\book\258397  |t Энергия молодых - экономике России  |l Energy of Youth for Russian Economy  |o сборник научных трудов XIII Международной научно-практической конференции студентов и молодых ученых, г. Томск, 16-19 апреля 2012 г.  |o в 2 ч.  |f Национальный исследовательский Томский политехнический университет (ТПУ) ; Вольное экономическое общество России ; Международный союз экономистов (МСЭ) ; ред. коллегия В. В. Еремин ; Ю. С. Нехорошев ; Г. А. Барышева ; И. Е. Никулина ; Т. Б. Варлачева ; И. В. Кащук ; Е. Ю. Маталасова  |d 2012 
463 1 |0 (RuTPU)RU\TPU\book\258408  |t Ч. 1  |v [С. 334-335]  |d 2012 
610 1 |a труды учёных ТПУ 
610 1 |a электронный ресурс 
610 1 |a туризм 
610 1 |a гостеприимство 
610 1 |a Томская область 
700 1 |a Плешакова  |b Р. В. 
702 1 |a Задорожная  |b Ю. Ф.  |c специалист в области менеджмента  |c старший преподаватель Томского политехнического университета  |f 1949-  |g Юлия Федоровна  |3 (RuTPU)RU\TPU\pers\30906  |4 727 
801 2 |a RU  |b 63413507  |c 20130603  |g RCR 
856 4 |u http://www.lib.tpu.ru/fulltext/c/2012/C23/V1/151.pdf 
942 |c CF